Представление документа в формате RUSMARC

ПолеНазваниеЗначение
  Тип записи a
  Библиографический уровень m
001 Контрольный номер 5dbd0e99a470409c9220607a9c7b512b
005 Дата корректировки 20260115123251.3
010 Индекс ISBN __
a ISBN 978-5-17-092914-6
b Уточнения в пер.
9 Тираж 2000 экз.
d Цена 223-10
100 Данные общей обработки __
a Данные общей обработки 20250923d2024 da y0rusy028902 ca
101 Язык документа 1_
a Язык текста rus
c Язык оригинала fre
102 Страна публикации __
a Страна публикации RU
105 Кодированные данные (монография) __
a Кодированные данные (монография) y z 000ay
181 Поле кодированных данных: вид содержания _0
a Код вида содержания (ISBD) i
182 Поле кодированных данных: тип средства _0
a Код типа средства (ISBD) n
200 Заглавие и сведения об ответственности 1_
a Заглавие Дети капитана Гранта
e Сведения, относящиеся к заглавию роман : для среднего школьного возраста
f Первые сведения об ответственности Жюль Верн
g Последующие сведения об ответственности перевод с французского А. Бекетовой
203 Вид содержания и тип средства __
a Вид содержания Текст
c Тип средства непосредственный
210 Выходные данные 1_
a Место издания Москва
c Издательство АСТ
d Дата издания 2024
215 Физическое описание __
a Объем 638 с.
d Формат 21 см
225 Серия 2_
a Серия Классика для школьников
e Сведения, относящиеся к заглавию серии КШ
225 Серия 2_
a Серия Рекомендовано лучшими учителями
330 Аннотация __
a Аннотация "Дети капитана Гранта" - один из лучших романов выдающегося французского писателя Жюля Верна, замечательный образец классического произведения юношеской литературы. Из книги читатель узнает об удивительных приключениях, которые произошли с героями романа во время их необыкновенных путешествий по Южной Америке, Австралии и другим местам, куда они попадают в поисках капитана Гранта.
333 Примечание о целевом назначении __
a Примечание о целевом назначении 12+. Для детей старше 12 лет
606 Тематические рубрики __
a Основная рубрика Художественная литература
2 Код системы nlr_sh
606 Тематические рубрики __
a Основная рубрика Литература Европы (произведения)
y Географическая подрубрика Франция
2 Код системы nlr_sh
z Хронологическая подрубрика 19 в.
610 Ключевые слова 0_
a Ключевые слова зарубежная литература
610 Ключевые слова 0_
a Ключевые слова классическая литература
610 Ключевые слова 0_
a Ключевые слова зарубежная классика
610 Ключевые слова 0_
a Ключевые слова зарубежная классическая литература
610 Ключевые слова 0_
a Ключевые слова французская литература
610 Ключевые слова 0_
a Ключевые слова романы
610 Ключевые слова 0_
a Ключевые слова приключенческие романы
610 Ключевые слова 0_
a Ключевые слова приключения
610 Ключевые слова 0_
a Ключевые слова тема приключений
610 Ключевые слова 0_
a Ключевые слова путешествия
610 Ключевые слова 0_
a Ключевые слова тема путешествий
610 Ключевые слова 0_
a Ключевые слова морские приключения
610 Ключевые слова 0_
a Ключевые слова тема морских приключений
610 Ключевые слова 0_
a Ключевые слова тема морских путешествий
610 Ключевые слова 0_
a Ключевые слова морские путешествия
610 Ключевые слова 0_
a Ключевые слова экранизации
610 Ключевые слова 0_
a Ключевые слова экранизированные книги
686 Индексы других классификаций __
2 Код системы rubbks
a Классификационный индекс 84(4Фра)52-445; ст84(4Фра)-445
700 Автор _1
a Фамилия Верн
b Имя Ж.
f Даты 1828-1905
g Полное личное имя Жюль
4 Код отношения 070
702 Вторичная интеллектуальная ответственность _1
a Фамилия Бекетова
b Имя А. А.
4 Код отношения 730
g Полное личное имя Александра Андреевна
c Титул (звания) Кублицкая-Пиоттух, Александра Андреевна
f Даты 1860-1923
790 Имя лица - альтернативная форма _1
a Имя лица - альтернативная форма Кублицкая-Пиоттух
c Титул (звания) Бекетова, Александра Андреевна
f Даты 1860-1923
b Имя А. А.
g Полное личное имя Александра Андреевна
4 Код отношения 730
801 Источник записи _0
a Страна RU
b Организация Муниципальное бюджетное учреждение культуры "Централизованная библиотечная система" г. Сургут (Центральная городская библиотека им. А. С. Пушкина)
c Дата составления 20250923
g Правила каталогизации PSBO
801 Источник записи _1
a Страна RU
b Организация Муниципальное бюджетное учреждение культуры "Централизованная библиотечная система" г. Сургут (Центральная городская библиотека им. А. С. Пушкина)
c Дата составления 20250923
g Правила каталогизации PSBO
852 Данные о местонахождении __
j Шифр хранения 84(4Фра)52-445
i Авторский знак В 35
900 Макрообъекты __
a Макрообъекты Дети капитана Гранта. Верн, Ж., 2024
901 Тип документа __
t Тип документа m
a Ответственный ООФиК/Волкова
903 Характеристики (МАРС) __
a Дата передачи 20250923
c Наименование библиотеки (МАРС) Муниципальное бюджетное учреждение культуры "Централизованная библиотечная система" г. Сургут (Центральная городская библиотека им. А. С. Пушкина)
969 Тип издания __
a Тип издания издание для детей
990 Данные о заказе (DOS) __
j Количество экземпляров (DOS) 1
t N записи в КСУ для И/У (DOS) 202511